La prisión preventiva y otras medidas cautelares personales
Gardado en:
| Autor Principal: | |
|---|---|
| Formato: | Unknown |
| Idioma: | inglés |
| Publicado: |
Santiago, Chile
Ediciones Der
2020
|
| Edición: | Tercera edición actualizada |
| Series: | Mg Monografías
|
| Subjects: | |
| Tags: |
Engadir etiqueta
Sen Etiquetas, Sexa o primeiro en etiquetar este rexistro!
|
MARC
| LEADER | 00000 a2200000 4500 | ||
|---|---|---|---|
| 003 | CL-VaPUC | ||
| 005 | 20220920171404.0 | ||
| 008 | 200424b ||||| |||| 00| 0 eng d | ||
| 999 | |c 431626 |d 431624 | ||
| 020 | |a 9789569959691 | ||
| 040 | |c Pontificia Universidad Católica de Valparaíso | ||
| 082 | |2 21 |a 364.62 HAD 2020 | ||
| 100 | |a Hadwa Issa, Marcelo |9 856305 | ||
| 245 | |a La prisión preventiva y otras medidas cautelares personales | ||
| 250 | |a Tercera edición actualizada | ||
| 260 | |b Ediciones Der |c 2020 |a Santiago, Chile | ||
| 300 | |a 332 páginas | ||
| 490 | |a Mg Monografías | ||
| 583 | |k Hugo Gaete |c 20200424 | ||
| 650 | 1 | 0 | |a Prisión preventiva |9 257600 |
| 650 | 1 | 0 | |a Libertad |9 255686 |
| 942 | |2 ddc |c BK | ||
| 952 | |0 0 |1 0 |2 ddc |4 0 |6 364_620000000000000_HAD_2020 |7 0 |9 576478 |a BIBDER |b BIBDER |d 2020-04-24 |e 22 |g 25500.51 |i 5575753 |l 10 |o 364.62 HAD 2020 |p 5575753 |r 2025-03-21 |s 2025-03-21 |t 1 |v 25500.51 |w 2020-04-24 |y BK |k DER | ||